Tous les buts en Ligue des Champions de Kylian Mbappé - Statistiques

Statistiques générales
  • Ce quiz a été pris 444 fois
  • Le résultat moyen est 26 sur 40
Statistiques - réponses
Hint Réponse % Correct
18 Real Madrid
96%
32 Real Madrid
96%
33 Real Madrid
96%
1 Manchester City
92%
2 Manchester City
92%
29 Manchester City
92%
22 Barcelone
91%
23 Barcelone
91%
24 Barcelone
91%
25 Barcelone
91%
14 Manchester United
86%
6 Juventus
82%
34 Juventus
82%
35 Juventus
82%
40 Juventus
82%
10 Bayern Munich
80%
26 Bayern Munich
80%
27 Bayern Munich
80%
11 Liverpool
71%
37 Benfica
66%
28 Leipzig
61%
15 Bruges
54%
16 Bruges
54%
17 Bruges
54%
30 Bruges
54%
31 Bruges
54%
3 Borussia Dortmund
51%
4 Borussia Dortmund
51%
5 Borussia Dortmund
51%
7 Celtic
45%
9 Celtic
45%
36 Maccabi Haifa
44%
38 Maccabi Haifa
44%
39 Maccabi Haifa
44%
12 Etoile Rouge
34%
13 Etoile Rouge
34%
19 Galatasaray
34%
8 Anderlecht
31%
20 Istanbul Basaksehir
19%
21 Istanbul Basaksehir
19%
Aucun quiz correspondant
Distribution des résultats
% des personnes avec chaque résultat
Percentile par nombre de réponses
Votre historique - résultats
Vous n’avez pas pris ce quiz